Regiões Administrativas (Subdistritos) do Rio de Janeiro em um Mapa - Statistics

Estatísticas Gerais
  • Esse quiz foi jogado 213 vezes
  • A pontuação média é 13 de 33
Respostas no mapa
Respostas codificadas por cores de uma escala verde-vermelha no mapa do quiz de acordo com a % correta abaixo.
 
Estatísticas das Respostas
Subdistrito % Correto
Copacabana
79%
Barra da Tijuca
73%
Centro
73%
Ilha do Governador
73%
Tijuca
67%
Jacarepaguá
63%
Bangu
61%
Botafogo
60%
Campo Grande
60%
Rocinha
54%
Santa Cruz
49%
Madureira
48%
Méier
46%
Penha
43%
Realengo
43%
Ilha de Paquetá
39%
Maré
38%
Guaratiba
37%
Pavuna
37%
São Cristovão
33%
Cidade de Deus
32%
Irajá
31%
Lagoa
30%
Santa Teresa
29%
Ramos
27%
Complexo do Alemão
22%
Vila Isabel
22%
Anchieta
19%
Vigário Geral
17%
Rio Comprido
13%
Jacarezinho
11%
Inhaúma
10%
Portuária
7%
Nenhum quiz correspondente encontrado
Distribuição das Pontuações
Porcentagem de Pessoas com Cada Pontuação
Percentil de Números Respondidos
Sua Pontuação Histórica
Você não jogou esse quiz